Flags of the Countries that Start with B - Click Quiz - Statistics

General Stats
  • This quiz has been taken 6,571 times
  • The average score is 14 of 17
Answers on the Map
Answers color-coded by a green-red scale on the quiz's map according to % correct below.
 
Answer Stats
Answer % Correct
Brazil
97%
Belgium
93%
Bangladesh
91%
Bosnia and
Herzegovina
86%
Bahrain
85%
Bhutan
85%
Barbados
84%
Bulgaria
83%
Bahamas
82%
Belarus
81%
Botswana
75%
Belize
73%
Brunei
73%
Bolivia
72%
Burkina Faso
70%
Benin
68%
Burundi
67%
No matching quizzes found
Score Distribution
Percent of People with Each Score
Percentile by Number Answered
Your Score History
You have not taken this quiz